Statistics for Top NFL Draft Prospects 2019

Click here to take the quiz!

General Stats

  • This quiz has been taken 146 times
  • The average score is 27 of 55

Answer Stats

Position College Answer % Correct
QBOklahomaKyler Murray
97%
QBOhio StateDwayne Haskins
94%
QBDukeDaniel Jones
92%
QBMissouriDrew Lock
82%
WROle MissAJ Brown
81%
DTAlabamaQuinnen Williams
79%
HBTexas A&MTrayveon Williams
79%
OTAlabamaJonah Williams
79%
QBWest VirginiaWill Grier
78%
CBLSUGreedy Williams
78%
EDGEOhio StateNick Bosa
75%
WROle MissDK Metcalf
75%
HBAlabamaJosh Jacobs
74%
TEIowaNoah Fant
71%
EDGEKentuckyJosh Allen
71%
TEIowaTJ Hockenson
68%
TEAlabamaIrv Smith Jr
67%
LBLSUDevin White
67%
TEStanfordKaden Smith
65%
LBMichiganDevin Bush
63%
WRArizona StateN'Keal Harry
63%
DTHoustonEd Oliver
61%
EDGEMichiganRashan Gary
60%
DTClemsonDexter Lawrence
60%
EDGEClemsonClelin Ferrell
58%
CBGeorgiaDeandre Baker
56%
DTClemsonChristian Wilkins
55%
HBKentuckyBennie Snell Jr
46%
HBIowa StateDavid Montgomery
44%
SFloridaChauncey Gardner-Johnson
43%
OTFloridaJawaan Taylor
42%
EDGEFloridaJachai Polite
41%
DTMississippi StateJeffrey Simmons
40%
CBWashingtonByron Murphy
38%
LBAlabamaMack Wilson
35%
CBNotre DameJulian Love
34%
SAlabamaDeionte Thompson
33%
SMississippi StateJonathan Abram
32%
OTOle MissGreg Little
32%
HBOklahomaRodney Anderson
32%
WRIowa StateHakeem Butler
31%
IOLBoston CollegeChris Lindstrom
26%
SDelawareNasir Adderly
26%
WRNC StateKelvin Harmon
23%
TEGeorgiaIsaac Nauta
21%
OLKansas StateDalton Risner
21%
LBWisconsinTJ Edwards
20%
OTWest VirginiaYodny Cajuste
19%
IOLWisconsinMichael Dieter
14%
LBBuffaloKhalil Hodge
12%
SIowaAmani Hooker
12%
CBPenn StateAmani Oruwariye
9%
OTOhio StateIsaiah Prince
9%
IOLWisconsinBeau Benzschawel
8%
IOLNC StateTerronne Prescod
3%

Score Distribution

Percentile by Number Answered

Percent of People with Each Score

Your Score History

You have not taken this quiz